00277nam a2200109Ia 4500008004100000041000800041082001600049100001400065245002600079260003300105300002900138240624s9999 xx 000 0 und d aeng a332.042 VIJ aVIJ MADHU aINTERNATIONAL FINANCE c1997aNew DelhibExcel Books av, : 177 : p. : cm. ; 24